Sổ tay người Hà Nội chơi lan

שמור ב:
מידע ביבליוגרפי
פורמט: Sách giấy
שפה:Vietnamese
יצא לאור: H. : Nông nghiệp, 2005.
נושאים:
תגים: הוספת תג
אין תגיות, היה/י הראשונ/ה לתייג את הרשומה!
Thư viện lưu trữ: Thư viện Trường Đại học Đà Lạt
LEADER 00730nam a2200301 4500
001 DLU070058383
005 ##20070125
040 # # |a DLU  |b vie 
041 # # |a vie 
044 # # |a vn 
082 # # |a 635.934 4  |b Sot 
245 # # |a Sổ tay người Hà Nội chơi lan 
260 # # |a H. :  |b Nông nghiệp,  |c 2005. 
300 # # |a 199 tr. :  |b minh hoạ (màu) ;  |c 21 cm. 
504 # # |a Tài liệu tham khảo :tr.195 
653 # # |a Cây cảnh. 
653 # # |a Hoa lan. 
653 # # |a Kỹ thuật trồng trọt. 
923 # # |a 32/2006 
992 # # |a 43.000 
994 # # |a DLU 
900 # # |a True 
911 # # |a Đào Thị Thu Huyền 
925 # # |a G 
926 # # |a A 
927 # # |a SH 
980 # # |a Thư viện Trường Đại học Đà Lạt